LEADER 01040cam0-2200349---450 001 990002898560203316 005 20210121120628.0 010 $a88-7989-980-5 035 $a000289856 035 $aUSA01000289856 035 $a(ALEPH)000289856USA01 035 $a000289856 100 $a20070410d2005----|||y0itay0103----ba 101 0 $aita 102 $aIT 105 $a||||||||001yy 200 1 $a<> selvaggio gentiluomo$el'incredibile storia di Pedro Gonzales e dei suoi figli$fRoberto Zapperi 210 $aRoma$cDonzelli$d2005 215 $aVII, 181 p., [16] p. di tav.$cill.$d22 cm 225 2 $aSaggi$iStoria e scienze sociali 410 0$a12001$aSaggi$iStoria e scienze sociali 454 1 $12001 600 $aGonzales,$bPedro$xBiografie 676 $a946.043092 700 1$aZAPPERI,$bRoberto$0165762 801 $aIT$bSALBC$gISBD 912 $a990002898560203316 951 $aX.2.B. 1565$b191330 L.M.$cX.2.$d00127802 959 $aBK 969 $aUMA 996 $aSelvaggio gentiluomo$91488031 997 $aUNISA LEADER 02064 am 2200589 n 450 001 9910495997103321 005 20200130 010 $a979-1-03-510384-2 024 7 $a10.4000/books.psorbonne.47756 035 $a(CKB)5590000000429697 035 $a(FrMaCLE)OB-psorbonne-47756 035 $a(oapen)https://directory.doabooks.org/handle/20.500.12854/85915 035 $a(PPN)267969880 035 $a(EXLCZ)995590000000429697 100 $a20201209j|||||||| ||| 0 101 0 $afre 135 $auu||||||m|||| 181 $ctxt$2rdacontent 182 $cc$2rdamedia 183 $acr$2rdacarrier 200 14$aLes ouvriers en U.R.S.S. $e1928-1941 /$fJean-Paul Depretto 210 $aParis $cÉditions de la Sorbonne$d2020 215 $a1 online resource (424 p.) 225 1 $aInternationale 311 $a2-85944-320-7 330 $aEntre 1928 et 1941, les effectifs de la classe ouvrière en U.R.S.S. ont connu une croissance sans précédent : ils ont presque triplé. Encore ne s?agit-il que des travailleurs libres, il faudrait y ajouter les détenus du Goulag dont le nombre augmente considéra­blement durant cette période. 606 $aWorking class$zSoviet Union$xHistory 606 $aLabor supply$zSoviet Union$xHistory 606 $aLabor unions$zSoviet Union$xHistory 607 $aSoviet Union$xEconomic conditions$y1917-1945 610 $aouvrier 610 $aURSS 610 $aclasse ouvrière 610 $agoulag 610 $amonde paysan 610 $ausine 610 $aindustrie cotonnière 610 $asidérurgie 610 $aprolétariat 610 $agrève 615 0$aWorking class$xHistory. 615 0$aLabor supply$xHistory. 615 0$aLabor unions$xHistory. 700 $aDepretto$b Jean-Paul$01233562 701 $aEhrenbourg$b Ilya$01323255 701 $aFrankfur$b S.M$01323256 701 $aGirault$b René$0410297 801 0$bFR-FrMaCLE 906 $aBOOK 912 $a9910495997103321 996 $aLes ouvriers en U.R.S.S$93035435 997 $aUNINA